000
00372nam a2200133Ia 4500
008
151001s9999||||xx |||||||||||||| ||und||
100
_a
गणेश पुरंदरे
245
_a
तिबेटी डॉक्टर
250
_a
1
260
_b
अंजली प्रकाशन पुणे
260
_c
1990
300
_a
292
365
_b
18
999
_c
968348
_d
968345